Folk tales of Arunachal Pradesh and Meghalaya (Record no. 32483)

MARC details
000 -LEADER
fixed length control field 00297nam a2200109Ia 4500
082 ## - DEWEY DECIMAL CLASSIFICATION NUMBER
Classification number 82-34(541MEG)
Item number FOL
100 ## - MAIN ENTRY--AUTHOR NAME
Personal name Borgohain, B K
245 #0 - TITLE STATEMENT
Title Folk tales of Arunachal Pradesh and Meghalaya
260 ## - PUBLICATION, DISTRIBUTION, ETC. (IMPRINT)
Place of publication New Delhi
Name of publisher Sterling
Year of publication 1975
942 ## - ADDED ENTRY ELEMENTS (KOHA)
Koha item type Books
Holdings
Withdrawn status Lost status Damaged status Not for loan Home library Current library Date acquired Full call number Accession Number Koha item type
        RRII Library RRII Library 16/12/2021 82-34(541MEG) FOL 13001 Books